000 01765nam a2200337 i 4500
003 DO-SdBNP
005 20240305094430.0
006 a||||gr|||| 00| 0
007 ta
008 230602e2001 dr a ||gr|||| 00| p spa d
020 _a999342319x
040 _aDO-SdBNP
_bspa
_cBNPHU
_erda
082 4 _222
_aRD861.44
_bC117com
100 1 _aCabral, Manuel del,
_d1907-1999
_923556
245 1 0 _aCompadre Mon /
_cManuel del Cabral ; presentación, Manuel Lara Hernández.
264 1 _aSanto Domingo :
_bBanco de Reservas,
_c2001
300 _a218 páginas :
_bilustraciones ;
_c26 cm.
336 _2rdaconten
_atexto
_btxt
337 _2rdamedia
_asin medición
_bn
338 _2rdacarrier
_avolumen
_bnc
500 _aPublicación Conmemorativa de la IV Feria Internacional del Libro, en homenaje a Manuel del Cabral, con la autorización exclusiva de la Fundación del Cabral.
500 _aIncluye vocabulario.
505 _aPresentación. /
_rLic. Manuel Lara Fernández. Administrador General del Banco de Reservas de la República Dominicana.
_tCompadre Mon: épica e historia. /
_rBasilio Beliard.
_tDos palabras.--
_gPrimera Parte:
_tCarta a Compadre Mon.-- Poema 6, 40....-- Poema 13, 47....-- Poema 20, 54.....-- Poema 27,56....-- Poema 33, 67.--
_gSegunda Parte:
_tHabla Compadre Mon.--
_tTierras Casi si Mon.--
_tMotivos de Compadre Mon.--
_tCuatro Vecinas de Mon.--
_gTercera Parte.
_tCompadre Mon en Haití.-- Compadre Mon en su tierra.--
_tVocabulario.
590 _aInventariado 2023 / MF
650 4 _aPoesía dominicana
650 4 _aLiteratura dominicana
700 1 _923055
_aLara Hernández, Manuel,
_epresentación
710 2 _96285
_aBanco de Reservas de la República Dominicana
910 _aValidado. Control de calidad MFF
942 _2ddc
_cLBS1
999 _c53707
_d53707